00699nam a2200205Ia 4500003000400000008004100004020002200045040000800067100002100075245008900096260004500185300001300230365001100243901002100254902003800275903005800313942001200371952009300383999001700476LDD181029s9999 xx 000 0 und d a195681223c575.00 cLDD aChhatre, Ashwani 0aDemocratizing naturebpolitics, conservation & development in IndiacAshwani Chhatre aNew DelhibOxford university pressc2006 ax, 267p. b575.00 a4381b29-02-2008 aUBS8038b14-03-2008cFdUPPALe31 aDiscount-15bReqst by : Debal K.Singharoy  2ddccBK 00102ddc4070981249aLDDbLDDl0o333.70954 C429Dp064583r2018-11-01w2018-11-01yBK c81250d81250